Southville International School and Colleges
Your cart is empty.
  • Cart
  • Lists
    Public lists Eva Luna New books Lux_list list_1
    Your lists Log in to create your own lists
  • Log in to your account
  • Your cookies
  • Search history
Southville International School and Colleges
  • Advanced search
  • Recent comments
  • Most popular
  • Libraries

Log in to your account

Log in with GOOGLE


If you do not have an external account, but do have a local account, you can still log in:

  1. Home
  2. MARC view: Computer concepts
Normal view MARC view ISBD view

Computer concepts (Record no. 366041)

[ view plain ]
MARC details
000 -LEADER
fixed length control field 00547nam a22001817a 4500
003 - CONTROL NUMBER IDENTIFIER
control field 0
005 - DATE AND TIME OF LATEST TRANSACTION
control field 20240802164636.0
008 - FIXED-LENGTH DATA ELEMENTS--GENERAL INFORMATION
fixed length control field 240802b xxu||||| |||| 00| 0 eng d
020 ## - INTERNATIONAL STANDARD BOOK NUMBER
International Standard Book Number 9780357674611
050 ## - LIBRARY OF CONGRESS CALL NUMBER
Classification number QA 76.27
Item number .C66 2023
245 ## - TITLE STATEMENT
Title Computer concepts
Remainder of title comprehensive
250 ## - EDITION STATEMENT
Edition statement 21st edition
260 ## - PUBLICATION, DISTRIBUTION, ETC. (IMPRINT)
Place of publication, distribution, etc Cengage
Name of publisher, distributor, etc Boston, Massachusetts
Date of publication, distribution, etc 2023
300 ## - PHYSICAL DESCRIPTION
Extent xvii, 956 pages :
Other physical details colored illustrations ;
Dimensions 28 cm.
500 ## - GENERAL NOTE
General note Includes bibliographical references, index, and glossary.
650 ## - SUBJECT ADDED ENTRY--TOPICAL TERM
Topical term or geographic name as entry element Computers.
942 ## - ADDED ENTRY ELEMENTS (KOHA)
Source of classification or shelving scheme Library of Congress Classification
Koha item type Books
Holdings
Withdrawn status Lost status Source of classification or shelving scheme Damaged status Home library Current library Shelving location Date acquired Source of acquisition Sub Shelving location Total Checkouts Full call number Barcode Date last seen Price effective from Koha item type
    Library of Congress Classification   College Library College Library Reserve Section 08/02/2024 Library Fund     QA 76.27 .C66 2023 C23454 08/02/2024 08/02/2024 Books

Computer concepts

APA

(2023). Computer concepts. Cengage: Boston, Massachusetts.

Chicago

2023. Computer concepts. Cengage: Boston, Massachusetts.

Harvard

(2023). Computer concepts. Cengage: Boston, Massachusetts.

MLA

Computer concepts. Cengage: Boston, Massachusetts. 2023.

  • Place hold
  • Print
  • Cite
  • Add to your cart (remove)
  • Save record
    BIBTEX Dublin Core MARCXML MARC (non-Unicode/MARC-8) MARC (Unicode/UTF-8) MARC (Unicode/UTF-8, Standard) MODS (XML) RIS
  • More searches
    Search for this title in:
    Other Libraries (WorldCat) Other Databases (Google Scholar) Online Stores (Bookfinder.com) Open Library (openlibrary.org)

Exporting to Dublin Core...

SOUTHVILLE LIBRARY

Southville International School and Colleges Library

1281 Tropical Ave. Cor. Luxembourg St., BF Homes International, Las Pinas City

Tel. No. 8256374 / 252358 Loc. 117/146

Powered by Koha